[Event "12ème Open de Saint-Affrique"]
[Site "Saint-Affrique"]
[Date "2004.07.29"]
[Round "6.3"]
[White "Olarasu, Gabriela"]
[Black "Bricard, Emmanuel"]
[Result "0-1"]
[WhiteElo "2329"]
[BlackElo "2460"]
[Annotator "_"]
[PlyCount "92"]
[EventDate "2004.07.??"]

1. d4 e6 2. c4 f5 3. Nf3 Nf6 4. g3 d5 5. Bg2 c6 6. O-O Bd6 7. b3 b6 8. Ba3 Bb7
9. Bxd6 Qxd6 10. cxd5 exd5 11. Nbd2 Nbd7 12. Qc2 Ne4 13. Ne1 O-O 14. Nd3 c5 15.
dxc5 bxc5 16. Rac1 Rac8 17. e3 Qh6 18. Rfe1 d4 19. Nc4 Kh8 20. Nde5 Nxe5 21.
Nxe5 Qd6 22. Nc4 Qf6 23. Qb2 Ba6 24. f4 Rfd8 25. Bxe4 fxe4 26. Rcd1 Bxc4 27.
bxc4 d3 28. Qxf6 gxf6 29. Rb1 Rb8 30. Red1 Rb6 31. Rxb6 axb6 32. a4 Ra8 33. Ra1
d2 34. Rd1 Rxa4 35. Rxd2 Rxc4 36. Rd6 b5 37. Rxf6 b4 38. Rb6 Rc3 39. Kf2 b3 40.
g4 c4 41. f5 Rd3 42. Kg3 Rd8 43. Kf2 Rc8 44. Ke2 c3 45. Kd1 c2+ 46. Kc1 Rc3 0-1

[Event "12ème Open de Saint-Affrique"]
[Site "Saint-Affrique"]
[Date "2004.07.28"]
[Round "6.4"]
[White "Flear, Glenn C"]
[Black "Midoux, Sebastien"]
[Result "1/2-1/2"]
[WhiteElo "2455"]
[BlackElo "2304"]
[Annotator "_"]
[PlyCount "76"]
[EventDate "2004.07.??"]

1. d4 Nf6 2. c4 e6 3. Nc3 Bb4 4. Qc2 O-O 5. a3 Bxc3+ 6. Qxc3 b5 7. cxb5 c6 8.
Bg5 cxb5 9. e3 Bb7 10. Nf3 a6 11. Be2 Nc6 12. Nd2 Nd5 13. Bxd8 Nxc3 14. bxc3
Rfxd8 15. Nb3 Ne7 16. f3 Bd5 17. Na5 Nc6 18. Nxc6 Bxc6 19. Kd2 d5 20. Rhb1 Rdb8
21. Rb2 Rb7 22. a4 bxa4 23. Rxb7 Bxb7 24. Rxa4 a5 25. Bb5 Kf8 26. c4 dxc4 27.
e4 Ke7 28. Rxc4 Kd8 29. Kc3 Ba6 30. Bxa6 Rxa6 31. Ra4 Kc7 32. Kc4 Kc6 33. Ra2
Ra7 34. h4 h5 35. Ra3 Ra8 36. Ra2 Ra7 37. Ra3 Ra8 38. Ra2 Ra7 1/2-1/2

[Event "12ème Open de Saint-Affrique"]
[Site "Saint-Affrique"]
[Date "2004.07.28"]
[Round "6.5"]
[White "Gaponenko, Inna"]
[Black "Leygue, Dominique"]
[Result "0-1"]
[WhiteElo "2445"]
[BlackElo "2260"]
[Annotator "_"]
[PlyCount "72"]
[EventDate "2004.07.??"]

1. e4 e5 2. Nf3 Nc6 3. Bb5 f5 4. d3 fxe4 5. dxe4 Nf6 6. O-O d6 7. Nc3 Be7 8.
Qd3 Bd7 9. Bc4 Na5 10. Ng5 Nxc4 11. Qxc4 Rf8 12. Ne6 Bxe6 13. Qxe6 Qd7 14. Qc4
c6 15. Bg5 Nh5 16. Bxe7 Qxe7 17. b4 Nf4 18. b5 Qe6 19. Qxe6+ Nxe6 20. bxc6 bxc6
21. Rab1 O-O-O 22. Rb4 Kc7 23. Ra4 Ra8 24. Ne2 a5 25. g3 g5 26. f3 Rfb8 27. Kf2
Rb2 28. Rc1 Nc5 29. Ra3 g4 30. fxg4 Nxe4+ 31. Ke3 Nf6 32. g5 Ng4+ 33. Ke4 Rf8
34. Rxa5 Rb4+ 35. Kd3 Kb6 36. c3 Rf3+ 0-1

[Event "12ème Open de Saint-Affrique"]
[Site "Saint-Affrique"]
[Date "2004.07.28"]
[Round "6.16"]
[White "Saada, Julien"]
[Black "Pucher, Sebastien"]
[Result "0-1"]
[WhiteElo "2270"]
[BlackElo "2135"]
[Annotator "_"]
[PlyCount "60"]
[EventDate "2004.07.??"]

1. d4 d5 2. c4 Bf5 3. cxd5 Bxb1 4. Qa4+ c6 5. Rxb1 Qxd5 6. Nf3 Nd7 7. e3 Qe4 8.
Ra1 e5 9. Qb3 exd4 10. Bd3 Qg4 11. Qxb7 Rb8 12. Qxc6 dxe3 13. O-O exf2+ 14. Kh1
Qe6 15. Qc2 Bc5 16. Bf5 Qb6 17. Bf4 Rd8 18. Rad1 Ngf6 19. Qe2+ Kf8 20. Qc4 h6
21. Ne5 Nxe5 22. Rxd8+ Ke7 23. Bxe5 Rxd8 24. Bc2 Bd4 25. Bc7 Rc8 26. Bd6+ Kd8
27. Be7+ Kxe7 28. Qxc8 Qb5 29. Qc7+ Nd7 30. Bd3 Qxd3 0-1

[Event "12ème Open de Saint-Affrique"]
[Site "Saint-Affrique"]
[Date "2004.07.28"]
[Round "6.66"]
[White "Casasnovas, Vincent"]
[Black "Dumont, Gilbert"]
[Result "1-0"]
[WhiteElo "1440"]
[BlackElo "1950"]
[Annotator "_"]
[PlyCount "101"]
[EventDate "2004.07.??"]

1. e4 e5 2. Bc4 Nf6 3. d3 Nc6 4. Nf3 Be7 5. c3 d6 6. h3 Bd7 7. O-O Na5 8. Nbd2
O-O 9. a4 Nxc4 10. Nxc4 c6 11. Re1 Ne8 12. d4 exd4 13. cxd4 d5 14. exd5 cxd5
15. Nce5 Be6 16. Qd2 a5 17. Qe2 Bb4 18. Bd2 Bd6 19. Ng5 Nf6 20. Nxe6 fxe6 21.
Bg5 Qe8 22. Bxf6 Rxf6 23. Ng4 Rg6 24. Rac1 Qxa4 25. Ne5 Bxe5 26. Qxe5 Qb3 27.
Re3 Qxb2 28. Rec3 Rf8 29. R3c2 Qb4 30. Rc8 Rgf6 31. Rxf8+ Qxf8 32. Rc7 b5 33.
Rb7 b4 34. Rb8 b3 35. Rxf8+ Rxf8 36. Qxe6+ Kh8 37. Qb6 a4 38. Qb4 Ra8 39. Qa3
h6 40. Kf1 Kh7 41. Ke2 Rb8 42. Qxa4 b2 43. Qc2+ Kh8 44. Qb1 Rb4 45. f3 Kg8 46.
Ke3 Kf7 47. Kd3 Kf6 48. g4 Kg5 49. Ke2 g6 50. h4+ Kxh4 51. Qe1+ 1-0

[Event "12ème Open de Saint-Affrique"]
[Site "Saint-Affrique"]
[Date "2004.07.28"]
[Round "6.99"]
[White "Cazottes, Guillaume"]
[Black "Parizot, Serge"]
[Result "1-0"]
[WhiteElo "1320"]
[BlackElo "1498"]
[Annotator "_"]
[PlyCount "67"]
[EventDate "2004.07.??"]

1. e4 e5 2. Nf3 Nc6 3. Bb5 a6 4. Ba4 Be7 5. O-O Nf6 6. Qe1 O-O 7. Bxc6 dxc6 8.
Nxe5 Bd6 9. Nf3 Nd7 10. d4 f6 11. Nc3 Re8 12. b3 Bb4 13. Bb2 b5 14. a3 Bd6 15.
b4 Nb6 16. Nd2 Bf4 17. Nb3 Qd6 18. g3 Bh6 19. Bc1 Bxc1 20. Qxc1 Qd7 21. Qf4 Qg4
22. Qxg4 Bxg4 23. Kg2 Re6 24. f3 Bh5 25. Rfd1 Rae8 26. Nc5 R6e7 27. Nxa6 Nc4
28. d5 Ne5 29. g4 Bg6 30. dxc6 Ra8 31. Nd5 Nxc6 32. Nxe7+ Nxe7 33. Nxc7 Kf7 34.
Nxa8 1-0

[Event "12ème Open de Saint-Affrique"]
[Site "Saint-Affrique"]
[Date "2004.07.28"]
[Round "6.107"]
[White "Boulouis, Sebastien"]
[Black "Genin, Roland"]
[Result "1-0"]
[WhiteElo "1490"]
[BlackElo "1710"]
[Annotator "_"]
[PlyCount "72"]
[EventDate "2004.07.??"]

1. e4 c5 2. Nc3 Nc6 3. f4 d6 4. Nf3 Qc7 5. Bb5 Bd7 6. O-O a6 7. Be2 e6 8. d3
Nge7 9. Qe1 g6 10. Bd2 Bg7 11. Nd1 O-O-O 12. Rb1 f6 13. Ne3 f5 14. a3 Nd4 15.
Nxd4 cxd4 16. Nc4 Nc6 17. Bf3 e5 18. b4 b5 19. Nb2 Rde8 20. a4 Na7 21. Rc1 exf4
22. Bxf4 Be5 23. Bd2 Kb7 24. c3 dxc3 25. Bxc3 Qb6+ 26. Kh1 Bxc3 27. Qxc3 Bc6
28. a5 Qd8 29. exf5 d5 30. fxg6 hxg6 31. h3 Qd6 32. Qd4 Nc8 33. Bg4 Bd7 34. Rf7
Ne7 35. Bxd7 Qxd7 36. Rf3 Nf5 1-0

[Event "12ème Open International de Saint-Affriq"]
[Site "SAINT-AFFRIQUE"]
[Date "2004.07.30"]
[Round "8.2"]
[White "Collas, Didier"]
[Black "Pham, Minh Hoang"]
[Result "1/2-1/2"]
[WhiteElo "2422"]
[BlackElo "2446"]
[PlyCount "70"]
[EventDate "2004.??.??"]

1. Nf3 c5 2. c4 Nf6 3. Nc3 e6 4. g3 b6 5. Bg2 Bb7 6. O-O Be7 7. Re1 d5 8. cxd5
Nxd5 9. e4 Nxc3 10. bxc3 O-O 11. d4 cxd4 12. cxd4 Nc6 13. Rb1 Rc8 14. Bf4 Bf6
15. d5 exd5 16. exd5 Ne7 17. d6 Nd5 18. Ng5 Bxg5 19. Bxd5 Bxf4 20. Bxb7 Rb8 21.
gxf4 Rxb7 22. Qd5 Rd7 23. Rbd1 h6 24. Rd3 Qf6 25. Qe5 Rfd8 26. Red1 Kf8 27. Kg2
Re8 28. Qxf6 gxf6 29. Rc1 Red8 30. Rc7 f5 31. a4 Rxd6 32. Rxd6 Rxd6 33. Rxa7
Rd4 34. Kg3 Kg7 35. a5 bxa5 1/2-1/2

[Event "12ème Open International de Saint-Affriq"]
[Site "SAINT-AFFRIQUE"]
[Date "2004.07.30"]
[Round "8.3"]
[White "Santo-Roman, Marc"]
[Black "Vallin, Guillaume"]
[Result "1-0"]
[WhiteElo "2403"]
[BlackElo "2401"]
[PlyCount "74"]
[EventDate "2004.??.??"]

1. e4 e6 2. d4 d5 3. Nc3 Nf6 4. e5 Nfd7 5. f4 c5 6. Nf3 Nc6 7. Be3 cxd4 8. Nxd4
Bc5 9. Qd2 O-O 10. g3 a6 11. Bg2 Qc7 12. Nce2 Be7 13. O-O Nc5 14. Nc3 Bd7 15.
Qf2 b6 16. Rae1 Rad8 17. a3 Nxd4 18. Bxd4 Na4 19. Nxa4 Bxa4 20. Bxb6 Qc8 21.
Rc1 Rd7 22. b3 Rb7 23. Bd4 Bc6 24. a4 Qd7 25. Rce1 g6 26. g4 Qd8 27. Re2 Rb4
28. Kh1 Bh4 29. Qe3 Be7 30. Qd3 Bb7 31. f5 exf5 32. gxf5 Bh4 33. Bc5 Rg4 34.
Bxf8 Qxf8 35. fxg6 Rxg6 36. Bxd5 Bxd5+ 37. Qxd5 Qh6 1-0

[Event "12ème Open International de Saint-Affriq"]
[Site "SAINT-AFFRIQUE"]
[Date "2004.07.30"]
[Round "8.6"]
[White "Midoux, Sebastien"]
[Black "Bricard, Emmanuel"]
[Result "0-1"]
[WhiteElo "2304"]
[BlackElo "2460"]
[PlyCount "60"]
[EventDate "2004.??.??"]

1. d4 d6 2. Nf3 g6 3. c4 Bg7 4. Nc3 c5 5. d5 Bxc3+ 6. bxc3 f5 7. e4 fxe4 8. Nd2
Nf6 9. Qe2 Qa5 10. Bb2 Bf5 11. h3 h5 12. g3 Nbd7 13. Bg2 Ne5 14. Nxe4 Bxe4 15.
Bxe4 Nxe4 16. Qxe4 Qa4 17. f4 Qxc4 18. Qxc4 Nxc4 19. O-O-O Kd7 20. Rhe1 Raf8
21. Re4 b5 22. a4 a6 23. Kc2 Rf5 24. h4 Re8 25. axb5 axb5 26. Re2 Nb6 27. Red2
Ra8 28. Rd3 Ra2 29. Kb1 Ra4 30. Bc1 Re4 0-1

[Event "12ème Open International de Saint-Affriq"]
[Site "SAINT-AFFRIQUE"]
[Date "2004.07.30"]
[Round "8.13"]
[White "Olarasu, Gabriela"]
[Black "Carmeille, Ludovic"]
[Result "0-1"]
[WhiteElo "2329"]
[BlackElo "2232"]
[PlyCount "66"]
[EventDate "2004.??.??"]

1. d4 d5 2. c4 c6 3. Nf3 Nf6 4. Nc3 a6 5. c5 Nbd7 6. Bf4 Nh5 7. e3 g6 8. h4
Nxf4 9. exf4 b6 10. cxb6 Qxb6 11. Qd2 a5 12. Rc1 a4 13. Bd3 e6 14. h5 Bg7 15.
Ne5 Nxe5 16. dxe5 Bd7 17. Ke2 c5 18. b3 axb3 19. axb3 O-O 20. Qc2 Rfb8 21. Rb1
Be8 22. Na4 Qb4 23. hxg6 hxg6 24. Nxc5 Rc8 25. Rbc1 Ra5 26. Na6 Rxc2+ 27. Rxc2
Qxf4 28. g3 Qxe5+ 29. Kf3 Rxa6 30. Rc8 Kf8 31. Kg2 Rc6 32. Ra8 Rb6 33. Rc1 Rb8
0-1

[Event "12eme Open International de Saint-Affriq"]
[Site "SAINT-AFFRIQUE"]
[Date "2004.??.??"]
[Round "7.9"]
[White "Voiska, Margarita"]
[Black "Van Elst, Andreas"]
[Result "0-1"]
[WhiteElo "2387"]
[BlackElo "2257"]
[PlyCount "104"]
[EventDate "2004.??.??"]

1. d4 Nf6 2. c4 g6 3. Nc3 Bg7 4. e4 d6 5. Bd3 O-O 6. Nge2 e5 7. d5 a5 8. O-O
Na6 9. h3 h6 10. Be3 Nh7 11. Qd2 Qh4 12. Kh2 Nc5 13. Bc2 f5 14. exf5 gxf5 15.
f4 Bd7 16. g3 Qh5 17. Rae1 Nf6 18. Kg2 Nce4 19. Nxe4 fxe4 20. Ng1 exf4 21. Rxf4
Qg6 22. Ref1 Nh5 23. Rxf8+ Rxf8 24. Rxf8+ Kxf8 25. Qf2+ Ke7 26. b3 Be5 27. Ne2
c6 28. g4 cxd5 29. Qh4+ Nf6 30. cxd5 h5 31. g5 Nxd5 32. Bd2 Bf5 33. Ng3 Bxg3
34. Qxg3 b6 35. Bf4 Qe6 36. Be3 h4 37. Qf2 Bxh3+ 38. Kh2 Bf5 39. Bd4 h3 40. Qh4
Kd7 41. Bd1 e3 42. Be2 Kc7 43. Bc4 e2 44. Bf2 Qe5+ 45. Qg3 Nf4 46. Ba6 Kb8 47.
Be1 Ng2 48. Bxe2 Nxe1 49. Qxe5 dxe5 50. Bh5 Be6 51. g6 Nd3 52. g7 Nf4 0-1

[Event "12eme Open International de Saint-Affriq"]
[Site "SAINT-AFFRIQUE"]
[Date "2004.??.??"]
[Round "7.12"]
[White "Metzger, Clement"]
[Black "Chomet, Pascal"]
[Result "1-0"]
[WhiteElo "2159"]
[BlackElo "2370"]
[PlyCount "61"]
[EventDate "2004.??.??"]

1. Nf3 d6 2. c4 g6 3. e3 Bg7 4. Be2 e5 5. d3 f5 6. Nc3 Nd7 7. O-O Nh6 8. b4 Nf7
9. c5 dxc5 10. bxc5 Nxc5 11. Ba3 Ne6 12. Rc1 Bf8 13. Bb2 Bd6 14. Nb5 O-O 15.
Nxd6 cxd6 16. d4 e4 17. d5 Ng7 18. Qd4 Ne8 19. Nd2 Bd7 20. Nc4 Bc8 21. Rc2 h5
22. Rfc1 Kh7 23. Na3 Rg8 24. Nb5 Bd7 25. Nc7 Nxc7 26. Rxc7 b6 27. Bb5 Bxb5 28.
Rxf7+ Kh6 29. Rcc7 Rc8 30. Rce7 Rc2 31. h4 1-0

[Event "12eme Open International de Saint-Affriq"]
[Site "SAINT-AFFRIQUE"]
[Date "2004.??.??"]
[Round "7.20"]
[White "Guedon, Stephane"]
[Black "Viennois, Romain"]
[Result "0-1"]
[WhiteElo "2249"]
[BlackElo "1960"]
[PlyCount "78"]
[EventDate "2004.??.??"]

1. d4 d5 2. c4 c6 3. Nf3 Nf6 4. Nc3 e6 5. e3 Nbd7 6. Bd3 dxc4 7. Bxc4 b5 8. Bd3
a6 9. e4 c5 10. e5 cxd4 11. Nxb5 Ng4 12. Qa4 Bb7 13. Nbxd4 Qb6 14. O-O Bc5 15.
h3 Bxf3 16. hxg4 Bxd4 17. gxf3 h5 18. gxh5 Ke7 19. f4 Rhd8 20. Be4 Nc5 21. Qxd4
Rxd4 22. Bxa8 Rd8 23. Bg2 Nd3 24. Be3 Qxb2 25. Rfd1 Qe2 26. Rd2 Qg4 27. Rad1
Qf5 28. Bf1 Qg4+ 29. Kh2 Qh4+ 30. Bh3 Nxf4 31. Bc5+ Rd6 32. exd6+ Kd7 33. Rd3
Nxd3 34. Rxd3 Qf4+ 35. Kg2 Qg5+ 36. Rg3 Qxc5 37. Rxg7 Kxd6 38. Rxf7 Qd5+ 39.
Kh2 Qxa2 0-1

[Event "12eme Open International de Saint-Affriq"]
[Site "SAINT-AFFRIQUE"]
[Date "2004.??.??"]
[Round "7.45"]
[White "Blanchon, Pascal"]
[Black "Planell, Eric"]
[Result "0-1"]
[WhiteElo "1850"]
[BlackElo "2189"]
[PlyCount "29"]
[EventDate "2004.??.??"]

1. e4 c6 2. d4 d5 3. f3 e6 4. a3 dxe4 5. fxe4 Qh4+ 6. Ke2 Qxe4+ 7. Be3 Nf6 8.
Nd2 Qg6 9. Ngf3 Nbd7 10. c3 Nd5 11. Bg1 N7f6 12. h3 Bd6 13. g4 Ne4 14. Nxe4
Qxe4+ 15. Kf2 0-1

[Event "12eme Open International de Saint-Affri"]
[Site "SAINT-AFFRIQUE"]
[Date "2004.07.29"]
[Round "7.99"]
[White "Genin, Roland"]
[Black "Auriere, Guilhem"]
[Result "0-1"]
[WhiteElo "1710"]
[BlackElo "1320"]
[Annotator "_"]
[PlyCount "62"]
[EventDate "2004.??.??"]

1. d4 d5 2. c4 c6 3. Nf3 e6 4. Nc3 dxc4 5. e4 b5 6. Ne5 Bb7 7. Be3 Bb4 8. a3
Bxc3+ 9. bxc3 Nd7 10. Nf3 Ngf6 11. Qc2 O-O 12. h3 Qc7 13. Be2 e5 14. dxe5 Nxe5
15. O-O h6 16. Kh1 Nxf3 17. Bxf3 Nd7 18. Rfe1 Ne5 19. Bf4 Qe7 20. Re3 Rad8 21.
Be2 Rd7 22. Rd1 Rxd1+ 23. Qxd1 Rd8 24. Qc2 Ng6 25. Bg3 Qxa3 26. e5 Qe7 27. Bg4
Bc8 28. Bh5 Qg5 29. Bg4 Bxg4 30. hxg4 Qxg4 31. Bh2 Rd1+ 0-1